000 00799nam a2200265Ia 4500
003 OSt
005 20220912144929.0
006 a|||||r|||| 00| 0
007 ta
008 220909b |||||||| |||| 00| 0 eng d
024 _a75747
037 _cTextual
040 _aCSL
_beng
_cCSL
041 _aeng
082 _aBp1,N82, M3
100 _aRalston Anthony Ed.
111 _aConference on the future of college mathematics (1982 : Williametown, William college)
245 0 _aProceeding on the future of college mathematics
260 _aNew York
_bSpringer-Verlag
_c1983
300 _aix,278p.
_ccm.
650 _aMathematics
700 _a Young Gail S Ed.
942 _hBp1,N82, M3
_cTEXL
_2CC
999 _c19291
_d19291